000 00375nam a22001577a 4500
003 MPLRDC
005 20220104125320.0
008 210129b ||||| |||| 00| 0 eng d
082 _a857.9 DFYa-41 v.2
100 _a东方玉
245 _a龙虎情仇. 中
_c
260 _a
_b四维出版社
_c
300 _b
650 _a武侠小说
942 _cBK
_o857.9 DFYa-41 v.2
999 _c26390
_d26380